00689nam a2200229 a 450000100100000000500170001000800410002702000150006804000250008308200150010810000200012324500860014326000270022930000210025649000170027750000380029450000360033253400380036870000190040683000170042583400170044200002324620200930022103.0101130s1989 sp r 000 | spa d a8471666456 aDO-SdBNPbspacBNPHU axxxbC415n1 aCerminara, Gina10aNuevos descubrimientos sobre la reencarnación /cGina Cerminara ; tr. A. Dupuy. aMadrid :bEDAF,c1989. a196 p. ;c21 cm. aNuevos Temas aIncluye notas al pie de páginas aIncluye lista de la colección aTítulo original :tWorld within1 aDupuy, A.etr. 0aNuevos Temas aWorld within